000 00650nam a2200229Ia 4500
003 OSt
005 20240402154048.0
008 210707s1966 xx 000 0 und d
040 _cAL
041 _aKannada
082 _aK894.9 INAV
100 _aINAMDAR (V M)Ed;
_9137885
_dಇನಾಂದಾರ್ ವಿ ಎಂ
245 _aViSi 75.
_bವಿ.ಸೀ ೭೫
260 _aBengaluru
_bA B H Prakashana
_c1966
300 _a334 p
365 _b15
_cINR
563 _aHB
650 _aKannada Criticism
_9137886
650 _a V Sitaramayya ವಿ.ಸೀತಾರಾಮಯ್ಯ
_9157927
906 _aVi Si Sitaramayya Vi
942 _2ddc
_cBK
999 _c179946
_d179946